00743nam a22002297a 450000500170000001000150001702000260003203500130005803700130007108200110008410000210009524500740011625000110019026000400020127000450024130000240028650000190031070000180032994200250034799900170037295201240038920140306110842.0 aENG-108675 a9789325969001c375.00 aEN-92208 bDBAD/PUB a512.02 aKhanna, Vijay K.10aA course in abstract algebra /cby Vijay K. Khanna [and] S.K. Bhambri a4th ed aNoidabVikas Publishing Housec2013 aE-28, Sector-8bNoidae201301  aix,778p.c24cm(pbk) aIncludes index aBhambri, S.K. 2ddccENmKHAh512.02 c80843d80843 001040718NFICaDBADbDBADd2013-11-26eDBAD/PUBg375.00l0o512.02 KHApEN-92208r2013-11-26 00:00:00t1v375.00yEN